000 00508nam a2200181Ia 4500
005 20240626141036.0
008 240126s9999 xx 000 0 und d
020 _a9780815341062
082 _a574.872 ALB;1 R
100 _aAlberts, Bruce. Johnson, Alexander. Lewis, Julian etc.
245 0 _aMolecular biology of the cell
250 _a5th ed.
260 _bGarland Science
_aNew York
_c2008
300 _axxxii,1268+G.40+I-49
440 _aNULL
650 _aMolecular,biology,cell
942 _cPU
999 _c273088
_d273088